[Event "2nd UzChess Cup Masters"]
[Site "Tashkent UZB"]
[Date "2025.06.19"]
[Round "1.1"]
[White "Aravindh, Chithambaram VR."]
[Black "Praggnanandhaa, R"]
[Result "1/2-1/2"]
[WhiteTitle "GM"]
[BlackTitle "GM"]
[WhiteElo "2749"]
[BlackElo "2767"]
[WhiteFideId "5072786"]
[BlackFideId "25059530"]
[EventDate "2025.06.19"]

1. e4 e5 2. Nf3 Nc6 3. Nc3 Nf6 4. Bc4 Bc5 5. d3 d6 6. h3 Na5 7. Bb3 a6 8. O-O h6
9. d4 Nxb3 10. axb3 exd4 11. Nxd4 O-O 12. Be3 Bb4 13. Na2 Bc5 14. b4 Bb6 15. Nc3
Re8 16. Qf3 Bd7 17. Rfe1 a5 18. b5 Bc5 19. Rad1 a4 20. Bf4 a3 21. bxa3 Bxd4 22.
Rxd4 Rxa3 23. b6 Re6 24. Re3 Ne8 25. bxc7 Qxc7 26. Red3 Qc5 27. Rd5 Qc4 28. R5d4
Qc5 29. Rd5 Qc4 30. R5d4 Qc5 1/2-1/2

[Event "2nd UzChess Cup Masters"]
[Site "Tashkent UZB"]
[Date "2025.06.19"]
[Round "1.3"]
[White "Maghsoodloo, Parham"]
[Black "Rapport, Richard"]
[Result "1/2-1/2"]
[WhiteTitle "GM"]
[BlackTitle "GM"]
[WhiteElo "2691"]
[BlackElo "2714"]
[WhiteFideId "12539929"]
[BlackFideId "738590"]
[EventDate "2025.06.19"]

1. e4 c5 2. Nf3 Nc6 3. Nc3 g6 4. d4 cxd4 5. Nxd4 Bg7 6. Be3 Nf6 7. Bc4 O-O 8.
Bb3 d6 9. f3 Qa5 10. h4 Nxd4 11. Bxd4 Be6 12. g4 Rac8 13. g5 Nh5 14. Bxg7 Nxg7
15. Qd2 Rc7 16. Nd5 Qxd2+ 17. Kxd2 Bxd5 18. Bxd5 e6 19. Bb3 f5 20. Rad1 fxe4 21.
fxe4 Kf7 22. Ke3 Ke7 23. Rd2 Rc5 24. Rf2 Rxf2 25. Kxf2 Nh5 26. c3 Rc8 27. Bd1
Rf8+ 28. Ke3 Nf4 29. Rh2 e5 30. h5 gxh5 1/2-1/2

[Event "2nd UzChess Cup Masters"]
[Site "Tashkent UZB"]
[Date "2025.06.19"]
[Round "1.4"]
[White "Nepomniachtchi, Ian"]
[Black "Sindarov, Javokhir"]
[Result "0-1"]
[WhiteTitle "GM"]
[BlackTitle "GM"]
[WhiteElo "2757"]
[BlackElo "2710"]
[WhiteFideId "4168119"]
[BlackFideId "14205483"]
[EventDate "2025.06.19"]

1. e4 e5 2. Nf3 Nc6 3. Bc4 Nf6 4. d3 h6 5. O-O Bc5 6. c3 d6 7. Re1 O-O 8. h3 a5
9. Nbd2 Bb6 10. a4 Be6 11. b3 d5 12. Bb5 Ne7 13. exd5 Nfxd5 14. Qc2 Ng6 15. d4
Ndf4 16. dxe5 Nh4 17. Bf1 Bd5 18. Re4 Bxe4 19. Qxe4 Nhg6 20. Bc4 c6 21. h4 Qd7
22. g3 Nd5 23. Ba3 Rfe8 24. Bd6 Qh3 25. Nf1 Nxc3 26. Qd3 Nd5 27. Bxd5 cxd5 28.
Qxd5 Qd7 29. N1d2 Qg4 30. Ne4 Nf4 31. Qxb7 Nh3+ 32. Kg2 Nf4+ 33. Kg1 Rac8 34.
Nh2 Bxf2+ 35. Kh1 Qe2 36. Nxf2 Qxf2 37. Rf1 Qe2 38. Qf3 Rc2 39. Qxe2 Nxe2 40.
Kg2 Rec8 41. b4 axb4 42. Bxb4 Nf4+ 0-1

[Event "2nd UzChess Cup Masters"]
[Site "Tashkent UZB"]
[Date "2025.06.19"]
[Round "1.5"]
[White "Abdusattorov, Nodirbek"]
[Black "Vokhidov, Shamsiddin"]
[Result "1-0"]
[WhiteTitle "GM"]
[BlackTitle "GM"]
[WhiteElo "2767"]
[BlackElo "2644"]
[WhiteFideId "14204118"]
[BlackFideId "14204223"]
[EventDate "2025.06.19"]

1. e4 e5 2. Nf3 Nc6 3. g3 Nf6 4. d3 Bc5 5. Bg2 d6 6. O-O h6 7. h3 O-O 8. Nc3 a5
9. Kh2 Be6 10. Nd2 d5 11. f4 exf4 12. gxf4 dxe4 13. dxe4 Nd4 14. Nb3 Nxb3 15.
axb3 c6 16. Qe2 Re8 17. Bf3 Nd7 18. Bd2 f5 19. e5 Nf8 20. Na4 Ba7 21. Be3 Bxe3
22. Qxe3 Bf7 23. Be2 b5 24. Rad1 Qe7 25. Nc5 Rad8 26. Rg1 Rxd1 27. Rxd1 Ne6 28.
Nxe6 Bxe6 29. Rd6 Bd5 30. Bxb5 cxb5 31. Rxd5 Rc8 32. c3 a4 33. Rxb5 a3 34. bxa3
Qxa3 35. Qd2 Qa1 36. e6 Qf1 37. c4 Ra8 38. e7 Kh7 39. Rxf5 Qb1 40. Rd5 1-0

[Event "2nd UzChess Cup Masters"]
[Site "Tashkent UZB"]
[Date "2025.06.20"]
[Round "2.1"]
[White "Praggnanandhaa, R"]
[Black "Vokhidov, Shamsiddin"]
[Result "1-0"]
[WhiteTitle "GM"]
[BlackTitle "GM"]
[WhiteElo "2767"]
[BlackElo "2644"]
[WhiteFideId "25059530"]
[BlackFideId "14204223"]
[EventDate "2025.06.19"]

1. c4 Nf6 2. Nc3 e5 3. g3 Bb4 4. e4 d6 5. d3 Nc6 6. h3 a6 7. Ne2 b5 8. Bg2 Rb8
9. O-O Bc5 10. Rb1 O-O 11. Kh2 h6 12. f4 bxc4 13. dxc4 Nd4 14. f5 a5 15. g4 Ba6
16. b3 c6 17. Ng3 Nh7 18. Nh5 g6 19. Bxh6 gxh5 20. g5 Kh8 21. Qxh5 Rg8 22. g6
fxg6 23. fxg6 Rb7 24. Rf7 Rxf7 25. gxf7 Rg7 26. Rf1 Qf8 27. Bxg7+ Kxg7 28. h4
Bc8 29. Bh3 Bxh3 30. Rg1+ Kf6 31. Rg8 Qxf7 32. Qh6+ Ke7 33. Rg7 1-0

[Event "2nd UzChess Cup Masters"]
[Site "Tashkent UZB"]
[Date "2025.06.20"]
[Round "2.2"]
[White "Sindarov, Javokhir"]
[Black "Abdusattorov, Nodirbek"]
[Result "1/2-1/2"]
[WhiteTitle "GM"]
[BlackTitle "GM"]
[WhiteElo "2710"]
[BlackElo "2767"]
[WhiteFideId "14205483"]
[BlackFideId "14204118"]
[EventDate "2025.06.19"]

1. d4 Nf6 2. c4 e6 3. Nf3 d5 4. Nc3 dxc4 5. e4 b5 6. e5 Nd5 7. Nxb5 Nb6 8. Be2
Nc6 9. Be3 Be7 10. Nc3 Bb7 11. O-O Qd7 12. Qb1 O-O 13. Ne4 h6 14. Rd1 Rfd8 15.
Nc5 Bxc5 16. dxc5 Nd5 17. Bxc4 Qe7 18. Qc1 a5 19. Bxd5 Rxd5 20. Rxd5 exd5 21.
Qc3 Bc8 22. Re1 Bd7 23. Bd2 a4 24. Nd4 Qh4 25. e6 fxe6 26. Nxe6 Bxe6 27. Rxe6
Qg4 28. Re1 Qg6 29. h3 d4 30. Qf3 Rf8 31. Qd5+ Qf7 32. Qe6 Nd8 33. Qxf7+ Kxf7
34. b4 axb3 35. axb3 Ne6 36. Kf1 Ra8 37. Re5 Ra2 38. Ke1 c6 39. f4 d3 40. Re3
Ra1+ 41. Kf2 Ra2 42. Ke1 Ra1+ 1/2-1/2

[Event "2nd UzChess Cup Masters"]
[Site "Tashkent UZB"]
[Date "2025.06.20"]
[Round "2.3"]
[White "Rapport, Richard"]
[Black "Nepomniachtchi, Ian"]
[Result "1/2-1/2"]
[WhiteTitle "GM"]
[BlackTitle "GM"]
[WhiteElo "2714"]
[BlackElo "2757"]
[WhiteFideId "738590"]
[BlackFideId "4168119"]
[EventDate "2025.06.19"]

1. d4 Nf6 2. Nf3 e6 3. Bf4 h6 4. h3 c5 5. e3 d5 6. Be2 Qb6 7. b3 Bd6 8. Be5 Nbd7
9. O-O Qc7 10. Bxd6 Qxd6 11. c4 dxc4 12. Bxc4 a6 13. Be2 O-O 14. Nbd2 cxd4 15.
Nc4 Qc7 16. Qxd4 b5 17. Nce5 Nxe5 18. Nxe5 Bb7 19. Rfc1 Qe7 20. Qc5 Qxc5 21.
Rxc5 Rfc8 22. Rac1 Rxc5 23. Rxc5 Rc8 24. Rxc8+ Bxc8 25. Bf3 Kf8 26. Kf1 Ke7 27.
Ke2 Nd7 28. Nc6+ Kd6 29. Na7 Kc7 30. Nxc8 Kxc8 31. Kd3 Kc7 32. Kd4 a5 33. a3 Kd6
34. Be2 e5+ 35. Kc3 Kc5 36. b4+ axb4+ 37. axb4+ Kc6 38. Bh5 g6 39. Bf3+ Kd6 40.
Be2 Kc6 41. f4 Nf6 42. fxe5 Nd5+ 43. Kb3 Nxe3 44. Bf3+ Kd7 45. Kc3 Ke6 46. Kd4
Nc2+ 47. Kc5 Kxe5 48. Kxb5 f5 49. Kc5 Nxb4 50. Kxb4 Kf4 51. Kc5 g5 52. g4 fxg4
53. Bxg4 Kg3 54. Kd5 h5 55. Bd7 g4 56. Bxg4 hxg4 57. hxg4 Kxg4 1/2-1/2

[Event "2nd UzChess Cup Masters"]
[Site "Tashkent UZB"]
[Date "2025.06.21"]
[Round "3.2"]
[White "Maghsoodloo, Parham"]
[Black "Aravindh, Chithambaram VR."]
[Result "1/2-1/2"]
[WhiteTitle "GM"]
[BlackTitle "GM"]
[WhiteElo "2691"]
[BlackElo "2749"]
[WhiteFideId "12539929"]
[BlackFideId "5072786"]
[EventDate "2025.06.19"]

1. Nf3 Nf6 2. c4 a6 3. g3 b5 4. b3 c5 5. Nc3 Bb7 6. cxb5 axb5 7. Nxb5 e5 8. Bb2
d6 9. Bg2 Be7 10. O-O O-O 11. d3 Nc6 12. a4 Qd7 13. Nd2 Rab8 14. Nc4 Ba6 15. f4
exf4 16. Rxf4 d5 17. Ne3 Bxb5 18. axb5 Nd4 19. Bxd4 cxd4 20. Nf5 Rxb5 21. Ra6
Rfb8 22. Bf3 Rxb3 23. Kg2 Ra3 24. Rc6 Rc3 25. Ra6 Ra3 26. Rc6 Rc3 27. Qa4 Bd6
28. Nxd6 Qxc6 29. Qxd4 Rxd3 30. Qxd3 Qxd6 31. Rd4 Rd8 32. e4 g6 33. exd5 Nd7 34.
Qe3 Ne5 35. Be2 Rc8 36. Rd2 Ra8 37. Qd4 Ra5 38. Qe4 h5 39. Qd4 Kh7 40. Qe4 Kg7
41. Qd4 f6 42. Qb2 Ra7 43. Qd4 Ra5 44. Qb2 Ra4 45. Qb7+ Kh6 46. Qc8 h4 47. Qe6
Qb4 48. Qxf6 Qxd2 49. Qh8+ Kg5 50. Qxe5+ Kh6 51. Qh8+ Kg5 52. gxh4+ Rxh4 53.
Qd8+ Kf5 54. Qxh4 Qxe2+ 55. Qf2+ Qxf2+ 56. Kxf2 Ke5 57. h4 Kxd5 58. h5 gxh5 59.
Kg3 h4+ 60. Kxh4 1/2-1/2

[Event "2nd UzChess Cup Masters"]
[Site "Tashkent UZB"]
[Date "2025.06.21"]
[Round "3.4"]
[White "Abdusattorov, Nodirbek"]
[Black "Rapport, Richard"]
[Result "1-0"]
[WhiteTitle "GM"]
[BlackTitle "GM"]
[WhiteElo "2767"]
[BlackElo "2714"]
[WhiteFideId "14204118"]
[BlackFideId "738590"]
[EventDate "2025.06.19"]

1. e4 c5 2. Nf3 d6 3. d4 cxd4 4. Nxd4 Nf6 5. Nc3 Nc6 6. Bc4 e6 7. Be3 a6 8. Bb3
Na5 9. f4 Qc7 10. g4 d5 11. exd5 Bb4 12. dxe6 Nxb3 13. cxb3 Bxc3+ 14. bxc3 Qxc3+
15. Kf2 Bxe6 16. Nxe6 fxe6 17. Rc1 Qb2+ 18. Kf3 Rd8 19. Qc2 Qxc2 20. Rxc2 Nd5
21. Re1 O-O 22. h4 Rc8 23. Rxc8 Rxc8 24. Bd4 Kf7 25. Re5 Ne7 26. Rc5 Rxc5 27.
Bxc5 Nc6 28. Ke4 g6 29. Bb6 h5 30. gxh5 gxh5 31. f5 Ne7 32. fxe6+ Kxe6 33. Bf2
Nd5 34. Be1 b6 35. Bd2 b5 36. Ba5 Ne7 37. Kf4 Nc6 38. Bc3 a5 39. Kg5 a4 40. b4
Ne7 41. Kxh5 Nd5 42. Bd2 Kf5 43. a3 Nb6 44. Kh6 Nc4 45. Bc3 Nxa3 46. h5 Nb1 47.
Ba1 Nd2 48. Kg7 Ne4 49. h6 Ng5 50. Bb2 Ne6+ 51. Kg8 Ng5 52. Bc1 a3 53. Bxg5 a2
54. Bf6 1-0

[Event "2nd UzChess Cup Masters"]
[Site "Tashkent UZB"]
[Date "2025.06.21"]
[Round "3.5"]
[White "Vokhidov, Shamsiddin"]
[Black "Sindarov, Javokhir"]
[Result "1/2-1/2"]
[WhiteTitle "GM"]
[BlackTitle "GM"]
[WhiteElo "2644"]
[BlackElo "2710"]
[WhiteFideId "14204223"]
[BlackFideId "14205483"]
[EventDate "2025.06.19"]

1. e4 e5 2. Nf3 Nc6 3. Bb5 a6 4. Ba4 Nf6 5. O-O b5 6. Bb3 Bb7 7. d3 Bc5 8. Be3
Bxe3 9. fxe3 O-O 10. Nc3 d6 11. a3 Ne7 12. Nh4 Kh8 13. Rxf6 gxf6 14. Qh5 Bc8 15.
Rf1 Be6 16. Rxf6 Ng8 17. Rf3 Nf6 18. Qh6 Ng4 19. Qh5 Nf6 20. Qh6 Ng4 21. Qh5 Nf6 1/2-1/2

[Event "2nd UzChess Cup Masters"]
[Site "Tashkent UZB"]
[Date "2025.06.22"]
[Round "4.1"]
[White "Praggnanandhaa, R"]
[Black "Sindarov, Javokhir"]
[Result "1-0"]
[WhiteTitle "GM"]
[BlackTitle "GM"]
[WhiteElo "2767"]
[BlackElo "2710"]
[WhiteFideId "25059530"]
[BlackFideId "14205483"]
[EventDate "2025.06.19"]

1. d4 d5 2. c4 e6 3. Nf3 Nf6 4. Nc3 c6 5. Qd3 Nbd7 6. Bf4 a6 7. e4 dxc4 8. Qxc4
b5 9. Qe2 b4 10. Na4 Bb7 11. Rc1 Be7 12. Nd2 c5 13. Nxc5 Nxc5 14. dxc5 Rc8 15.
Be3 Nxe4 16. Nxe4 Bxe4 17. Qg4 Bb7 18. Qxb4 Qc7 19. f3 O-O 20. Be2 a5 21. Qa3
Bc6 22. O-O Bf6 23. Rc2 a4 24. Rb1 Qe5 25. Qc3 Qf5 26. Qd3 Qe5 27. Qc3 Qf5 28.
Qd3 Qe5 29. Qd2 Rfd8 30. Qc1 Qh5 31. b4 axb3 32. axb3 Be5 33. h3 Qg6 34. b4 Qg3
35. b5 Bd5 36. Kf1 f5 37. Bg1 Be4 38. b6 Bf4 39. Qb2 Be5 40. Qb3 Bxc2 41. Qxc2
Kh8 42. c6 Qf4 43. Qc1 Qa4 44. c7 Rg8 45. Qc5 1-0

[Event "2nd UzChess Cup Masters"]
[Site "Tashkent UZB"]
[Date "2025.06.22"]
[Round "4.2"]
[White "Rapport, Richard"]
[Black "Vokhidov, Shamsiddin"]
[Result "1/2-1/2"]
[WhiteTitle "GM"]
[BlackTitle "GM"]
[WhiteElo "2714"]
[BlackElo "2644"]
[WhiteFideId "738590"]
[BlackFideId "14204223"]
[EventDate "2025.06.19"]

1. c4 Nf6 2. Nc3 e5 3. Nf3 Nc6 4. g3 d5 5. cxd5 Nxd5 6. Bg2 Bc5 7. Qc2 Ndb4 8.
Qa4 Bd7 9. O-O Nd4 10. Qd1 Nxf3+ 11. Bxf3 Nc6 12. Rb1 Rb8 13. d3 O-O 14. Be3
Bxe3 15. fxe3 Ne7 16. b4 c6 17. Qd2 Bh3 18. Rfc1 b6 19. Nd1 Rc8 20. e4 Be6 21.
Rc2 Qd7 22. Rbc1 Rc7 23. Nf2 Rfc8 24. Kg2 f6 25. h3 c5 26. bxc5 Rxc5 27. Rxc5
Rxc5 28. Rxc5 bxc5 29. Qa5 c4 30. dxc4 Bxc4 31. Bg4 Nc6 32. Qc5 Be6 33. Bxe6+
Qxe6 34. Nd1 a6 35. Nc3 h5 36. Qd5 Kf7 37. Kf2 Ne7 38. Qb3 Qxb3 39. axb3 Nc6 40.
Na4 Ke7 41. Ke3 Kd6 42. Kd3 Nd4 43. b4 Kc6 44. Nc3 Nb5 45. Nd5 Nd6 46. Ne7+ Kb5
47. Nd5 Ne8 48. Kc3 Nd6 49. Kd3 Ne8 50. Kc3 Nd6 1/2-1/2

[Event "2nd UzChess Cup Masters"]
[Site "Tashkent UZB"]
[Date "2025.06.22"]
[Round "4.4"]
[White "Aravindh, Chithambaram VR."]
[Black "Nepomniachtchi, Ian"]
[Result "1/2-1/2"]
[WhiteTitle "GM"]
[BlackTitle "GM"]
[WhiteElo "2749"]
[BlackElo "2757"]
[WhiteFideId "5072786"]
[BlackFideId "4168119"]
[EventDate "2025.06.19"]

1. e4 c5 2. Nf3 d6 3. d4 cxd4 4. Nxd4 Nf6 5. Nc3 a6 6. h3 e5 7. Nde2 h5 8. g3
Be7 9. Bg2 b5 10. Nd5 Nxd5 11. Qxd5 Ra7 12. Be3 Rb7 13. Qd2 Nd7 14. Nc3 Nf6 15.
a3 a5 16. b4 Be6 17. O-O O-O 18. Kh2 axb4 19. axb4 Qc7 20. Rfc1 Rc8 21. Nd5 Nxd5
22. exd5 Bd7 23. Ra6 Qc4 24. Bc5 dxc5 25. d6 e4 26. dxe7 Be8 27. Qd8 Rbb8 28.
Qd6 cxb4 29. Qe5 Qc7 30. Qxe4 b3 31. Ra3 b2 32. Rb1 Rb6 33. Ra8 Re6 34. Rxc8
Qxc8 35. Qd4 Qxc2 36. Rxb2 Qc7 37. Rxb5 Qxe7 38. Rxh5 Bc6 39. Bxc6 Rxc6 40. Re5
Re6 41. Rd5 Qf6 42. Qd2 Qf3 43. Rd8+ Kh7 44. Qc2+ g6 45. Qb2 Qf6 46. Qd2 Re4 47.
Rd3 Qe5 48. Re3 Rxe3 49. Qxe3 Qd5 50. h4 Kg8 51. Qe8+ Kg7 52. Qe2 Kg8 53. Qe3
Kh7 54. Qf4 Kg8 55. Kg1 Kh7 56. Kh2 Kg8 57. g4 Qc5 58. Kg2 Kg7 59. Qe4 Kg8 60.
Qf3 Kg7 61. Kg3 Qe5+ 62. Qf4 Qc3+ 63. Qe3 Qa1 64. f3 Qa5 65. Qd4+ Kg8 66. Qe3
Kg7 67. f4 Kh7 68. Kh3 Qd5 69. Kg3 Qa5 70. Qf3 Qe1+ 71. Kh3 Kg7 72. g5 Qe6+ 73.
Kg2 Qa2+ 74. Kg3 Qb1 75. Qc3+ Kg8 76. Qe3 1/2-1/2

[Event "2nd UzChess Cup Masters"]
[Site "Tashkent UZB"]
[Date "2025.06.22"]
[Round "4.5"]
[White "Yakubboev, Nodirbek"]
[Black "Maghsoodloo, Parham"]
[Result "0-1"]
[WhiteTitle "GM"]
[BlackTitle "GM"]
[WhiteElo "2659"]
[BlackElo "2691"]
[WhiteFideId "14203987"]
[BlackFideId "12539929"]
[EventDate "2025.06.19"]

1. d4 d5 2. c4 c6 3. Nf3 Nf6 4. Nc3 dxc4 5. a4 Bf5 6. Ne5 Nbd7 7. Nxc4 Nb6 8.
Ne5 a5 9. h4 e6 10. f3 h6 11. e4 Bh7 12. Be3 Nfd7 13. Nxd7 Nxd7 14. Bc4 Bb4 15.
Kf2 e5 16. d5 O-O 17. g4 Kh8 18. dxc6 bxc6 19. Ne2 Bg8 20. b3 Bc5 21. Qc1 Qb6
22. Rd1 Rad8 23. Ng3 f6 24. Bxg8 Rxg8 25. Nf5 Qxb3 26. g5 fxg5 27. hxg5 Bxe3+
28. Nxe3 Rgf8 29. gxh6 g6 30. Ra3 Qe6 31. Rad3 Qh3 32. Nf1 Rf4 33. Ke1 Rdf8 34.
Kd2 Rxf3 35. Rxf3 Rxf3 36. Qc4 Rf2+ 37. Ke1 Qh4 38. Rd2 Rf4+ 39. Kd1 Rxe4 40.
Qf7 Re1+ 41. Kc2 Qxa4+ 42. Kb2 Qa1+ 0-1

[Event "2nd UzChess Cup Masters"]
[Site "Tashkent UZB"]
[Date "2025.06.23"]
[Round "5.1"]
[White "Maghsoodloo, Parham"]
[Black "Praggnanandhaa, R"]
[Result "1-0"]
[WhiteTitle "GM"]
[BlackTitle "GM"]
[WhiteElo "2691"]
[BlackElo "2767"]
[WhiteFideId "12539929"]
[BlackFideId "25059530"]
[EventDate "2025.06.19"]

1. d4 Nf6 2. c4 e6 3. Nc3 Bb4 4. e3 c5 5. Bd3 cxd4 6. exd4 d5 7. cxd5 Nxd5 8.
Ne2 O-O 9. O-O Re8 10. Re1 Nc6 11. a3 Bf8 12. Nxd5 exd5 13. Be3 g6 14. Nf4 Bg7
15. Bb5 Qd6 16. Bxc6 bxc6 17. Nd3 Bf5 18. Nc5 h6 19. Qf3 a5 20. Bf4 Qd8 21.
Rxe8+ Qxe8 22. Qd1 Qd8 23. Qd2 g5 24. Bg3 h5 25. h3 h4 26. Be5 Bxe5 27. dxe5 Qe7
28. Qd4 Re8 29. Re1 f6 30. e6 Kg7 31. Re3 Kg6 32. b4 axb4 33. axb4 Qd6 34. Nd7
Qe7 35. f4 Be4 36. fxg5 Qxe6 37. Nxf6 Qe5 38. Qa7 Qxg5 39. Ng4 Qe7 40. Qb6 Qd6
41. Qd4 Qe7 42. Rc3 Rc8 43. Ra3 Qg7 44. Qf2 Kh5 45. Ra7 Rc7 46. Rxc7 Qxc7 47.
Qf6 Bg6 48. Ne5 Be4 49. Kh2 Qb8 50. g4+ hxg3+ 51. Kxg3 Qg8+ 52. Kf4 Bh7 53. Qe7
Bb1 54. Nxc6 Qg2 55. Qe8+ Kh6 56. Qh8+ Bh7 57. Qf6+ Kh5 58. Qe5+ Kh6 59. Qe6+
Bg6 60. Ke5 Qe4+ 61. Kd6 Qxe6+ 62. Kxe6 Bd3 63. Kxd5 Kh5 64. Ne5 Ba6 65. Ng4 Kh4
66. Nf2 Kg3 67. Kc5 Kxf2 68. h4 1-0

[Event "2nd UzChess Cup Masters"]
[Site "Tashkent UZB"]
[Date "2025.06.23"]
[Round "5.2"]
[White "Nepomniachtchi, Ian"]
[Black "Yakubboev, Nodirbek"]
[Result "1/2-1/2"]
[WhiteTitle "GM"]
[BlackTitle "GM"]
[WhiteElo "2757"]
[BlackElo "2659"]
[WhiteFideId "4168119"]
[BlackFideId "14203987"]
[EventDate "2025.06.19"]

1. c4 Nf6 2. Nc3 e5 3. Nf3 Nc6 4. g3 d5 5. cxd5 Nxd5 6. Bg2 Nb6 7. O-O Be7 8.
Rb1 f6 9. a3 O-O 10. b4 Be6 11. d3 a5 12. b5 Nd4 13. Nd2 Qc8 14. e3 Nf5 15. Qc2
Rd8 16. Bb2 a4 17. Rfc1 Nd6 18. Nde4 Bb3 19. Qe2 Nxe4 20. Nxe4 Ba2 21. Ra1 Bd5
22. d4 f5 23. Nc5 e4 24. f3 exf3 25. Bxf3 c6 26. e4 fxe4 27. Bg4 Qb8 28. Nxe4
Rf8 29. Nc3 Bg5 30. Nxd5 Nxd5 31. Qe6+ Kh8 32. Re1 Ra5 33. bxc6 bxc6 34. Bc1 Bf6
35. Bd2 Bxd4+ 36. Kh1 Ra6 37. Rab1 Qa8 38. Rf1 Re8 39. Qf5 Rb6 1/2-1/2

[Event "2nd UzChess Cup Masters"]
[Site "Tashkent UZB"]
[Date "2025.06.23"]
[Round "5.3"]
[White "Abdusattorov, Nodirbek"]
[Black "Aravindh, Chithambaram VR."]
[Result "1-0"]
[WhiteTitle "GM"]
[BlackTitle "GM"]
[WhiteElo "2767"]
[BlackElo "2749"]
[WhiteFideId "14204118"]
[BlackFideId "5072786"]
[EventDate "2025.06.19"]

1. c4 g6 2. d4 Bg7 3. e4 d6 4. Ne2 e5 5. Nbc3 Nc6 6. Be3 Nh6 7. d5 Ne7 8. h3 f5
9. g3 O-O 10. Qd2 Nf7 11. O-O-O c5 12. dxc6 bxc6 13. c5 d5 14. exd5 cxd5 15.
Nxd5 Be6 16. Nec3 Nxd5 17. Nxd5 e4 18. Qc2 Rb8 19. b3 Qa5 20. Bc4 Rfe8 21. Kb1
Ne5 22. Bd4 Kf7 23. Bxe5 Bxe5 24. Nf4 Bxc4 25. Qxc4+ Kg7 26. Rd7+ Kh6 27. Rhd1
Red8 28. c6 Qa3 29. R1d2 Rxd7 30. cxd7 e3 31. fxe3 Qa5 32. Ne6 Bf6 33. Qf4+ 1-0

[Event "2nd UzChess Cup Masters"]
[Site "Tashkent UZB"]
[Date "2025.06.23"]
[Round "5.5"]
[White "Sindarov, Javokhir"]
[Black "Rapport, Richard"]
[Result "1-0"]
[WhiteTitle "GM"]
[BlackTitle "GM"]
[WhiteElo "2710"]
[BlackElo "2714"]
[WhiteFideId "14205483"]
[BlackFideId "738590"]
[EventDate "2025.06.19"]

1. d4 Nf6 2. c4 e6 3. Nf3 c5 4. d5 d6 5. Nc3 exd5 6. cxd5 g6 7. Bf4 Bg7 8. e3
O-O 9. h3 Ne8 10. Qd2 Nd7 11. e4 a6 12. a4 Rb8 13. Be2 Qe7 14. O-O Nc7 15. Rfe1
b5 16. axb5 Nxb5 17. Nxb5 axb5 18. Ra7 b4 19. Bg5 Bf6 20. e5 dxe5 21. d6 Qd8 22.
Bh6 Bg7 23. Bc4 Rb6 24. Bxg7 Kxg7 25. Ng5 Qf6 26. Ne4 Qf4 27. Qd5 Rb8 28. Rc7
Nb6 29. Qxc5 Nxc4 30. Qxc4 Bb7 31. Qd3 Bxe4 32. Rxe4 Qf6 33. Qd5 Rb6 34. Rd7 Re8
35. Qc5 Qf5 36. Qxb6 Qxd7 37. Re1 Re6 38. Rd1 b3 39. Qc5 h5 40. h4 Kh7 41. Rd5
e4 42. Qd4 Re8 43. Qe3 Qb7 44. Rc5 Rd8 45. Qf4 Kg8 46. Qf6 Rf8 47. Rc4 Qd5 48.
Rd4 Qc6 49. Qg5 Qb6 50. Rd1 Re8 51. d7 Rd8 52. Qe7 Kg7 53. Rd6 Qa5 54. Rf6 Rf8
55. d8=Q Qxd8 56. Rxf7+ 1-0

[Event "2nd UzChess Cup Masters"]
[Site "Tashkent UZB"]
[Date "2025.06.24"]
[Round "6.1"]
[White "Praggnanandhaa, R"]
[Black "Rapport, Richard"]
[Result "0-1"]
[WhiteTitle "GM"]
[BlackTitle "GM"]
[WhiteElo "2767"]
[BlackElo "2714"]
[WhiteFideId "25059530"]
[BlackFideId "738590"]
[EventDate "2025.06.19"]

1. d4 Nf6 2. c4 g6 3. f3 Bg7 4. e4 d6 5. Nc3 O-O 6. Nge2 a6 7. Be3 Nbd7 8. Qd2
b5 9. h4 h5 10. O-O-O e5 11. d5 Nb6 12. Bxb6 cxb6 13. cxb5 axb5 14. Kb1 b4 15.
Nb5 Nxd5 16. exd5 Bf5+ 17. Ka1 Ra4 18. Nc1 Qd7 19. Bc4 Rc8 20. Qe2 e4 21. Bb3
exf3 22. gxf3 Ra5 23. Bc4 Bc2 24. Rd2 Ba4 25. Nd4 Rac5 26. Nc6 Bxc6 27. Nb3 Rxc4
28. Qxc4 Bb5 29. Qe4 Bc4 30. Rc2 b5 31. Nc1 Re8 32. Qf4 Qa7 33. Rxc4 bxc4 34.
Qxc4 b3 35. Rd1 bxa2 36. Qxa2 Qf2 37. Qb3 Re3 0-1

[Event "2nd UzChess Cup Masters"]
[Site "Tashkent UZB"]
[Date "2025.06.24"]
[Round "6.3"]
[White "Aravindh, Chithambaram VR."]
[Black "Vokhidov, Shamsiddin"]
[Result "1/2-1/2"]
[WhiteTitle "GM"]
[BlackTitle "GM"]
[WhiteElo "2749"]
[BlackElo "2644"]
[WhiteFideId "5072786"]
[BlackFideId "14204223"]
[EventDate "2025.06.19"]

1. e4 e5 2. Nf3 Nc6 3. Bb5 a6 4. Ba4 Nf6 5. d3 b5 6. Bb3 Bc5 7. O-O d6 8. c3 O-O
9. Bg5 h6 10. Bh4 Bb6 11. a4 Rb8 12. Na3 g5 13. Bg3 Ne7 14. axb5 axb5 15. Nc2
Ng6 16. Ne3 Bxe3 17. fxe3 Kg7 18. Ra7 Rb7 19. Ra8 Qe7 20. h3 c5 21. Bc2 Ra7 22.
Rxa7 Qxa7 23. Qa1 Qc7 24. Nd2 Be6 25. b3 Qb7 26. Qb2 Ra8 27. Ra1 Rxa1+ 28. Qxa1
g4 29. hxg4 Nxg4 30. Nf1 h5 31. c4 h4 32. Be1 b4 33. Bd1 Qe7 34. Qb2 Qg5 35. Qd2
Ne7 36. Kh1 Ng8 37. Bf3 N8f6 38. Qe2 Nh5 39. Qd2 Kg6 40. Kg1 Ng7 41. Kh1 Kh6 42.
Kg1 Nh5 43. Kh1 Kh7 44. Kg1 Kg6 45. Kh1 Kh7 46. Kg1 Nh6 47. Qf2 Ng3 48. Nxg3
hxg3 49. Qxg3 Qxe3+ 50. Bf2 Qxd3 51. Qg5 Qxb3 52. Be3 Ng8 53. Qh5+ Kg7 54. Qg5+
Kh7 55. Qh4+ Kg7 56. Qg5+ 1/2-1/2